000 00622nam a2200277Ia 4500
005 20260324123359.0
008 008 260324s9999 xx 000 0 eng d
020 _a9780203115244
037 _aEBOOK
040 _aCRL
040 _beng
040 _cCRL
041 _2eng
041 _aeng
084 _qCRL
100 _aStavroula Karapapa
_91170083
245 0 _aPrivate Copying
260 _bTaylor and Francis
260 _c2012
365 _a
365 _b240
856 _uhttp://www.taylorfrancis.com/books/9780203115244
942 _cEBOOK
999 _c1763574
_d1763574